Traduction en Anglais - Statistiques

Statistiques générales
  • Ce quiz a été pris 56 fois
  • Le résultat moyen est 9 sur 48
Statistiques - réponses
Hint Réponse % Correct
Santé health
93%
Honnêteté honesty
76%
Travail d'équipe teamwork
73%
Humilité humility
67%
Empathie empathy
64%
Valeurs Olympiques olympic values
44%
Gagner (aux jeux) win
44%
Planifier (to...) plan
36%
Néanmoins nevertheless
33%
De plus furthermore
31%
Gagner (de l'argent) earn
29%
Article article
27%
Malgré despite
24%
Hôte host
24%
Revenu income
20%
Permission dans le futur (will+...) be able
18%
(Être) déterminé determined
18%
Alors que whereas
18%
Par conséquent therefore
16%
Entrepôt warehouse
16%
Public audience
13%
Electeurs voters
13%
Grands électeurs electors
9%
Permission dans le futur (will+...) enable
9%
Volontaire willing
9%
Permission dans le futur (will+...) allow
7%
Pratique (adjectif) convenient
7%
Intitulé entitled
7%
Ainsi hence
7%
Mandat term
7%
Ainsi thus
7%
Pas neutre biased
4%
Tâches (pas "tasks") duties
4%
Réunion gathering
4%
Usine (pas "factory") plant
4%
Aéré airy
2%
Légender (to...) caption
2%
(Être) avide de... eager
2%
Hôte hosted
2%
Il est écrit : "..." (expression idiomatique) it reads
2%
Détendu (pas "relaxed") laid-back
2%
Biologique organic
2%
Réaménagé refurbished
2%
Ragout stew
2%
Dans quelle mesure to what extend
2%
Neutre unbiased
2%
Lieu/endroit (pas "place") venue
2%
Affirmer (to...) state that
0%
Aucun quiz correspondant
Distribution des résultats
% des personnes avec chaque résultat
Percentile par nombre de réponses
Votre historique - résultats
Vous n’avez pas pris ce quiz